Slovak Republic : Selected Issues and Statistical Appendix.

This Selected Issues paper and Statistical Appendix investigates the reasons for the large, recurrent external current account deficits in Slovakia, which are unusual by the current standards of other advanced transition economies. The paper examines the implications for external sustainability and...

Fuld beskrivelse

Bibliografiske detaljer
Institution som forfatter: International Monetary Fund
Format: Tidsskrift
Sprog:English
Udgivet: Washington, D.C. : International Monetary Fund, 2002.
Serier:IMF Staff Country Reports; Country Report ; No. 2002/210
Online adgang:Full text available on IMF
LEADER 01567cas a2200241 a 4500
001 AALejournalIMF008321
008 230101c9999 xx r poo 0 0eng d
020 |c 5.00 USD 
020 |z 9781451835489 
022 |a 1934-7685 
040 |a BD-DhAAL  |c BD-DhAAL 
110 2 |a International Monetary Fund. 
245 1 0 |a Slovak Republic :   |b Selected Issues and Statistical Appendix. 
264 1 |a Washington, D.C. :  |b International Monetary Fund,  |c 2002. 
300 |a 1 online resource (100 pages) 
490 1 |a IMF Staff Country Reports 
500 |a <strong>Off-Campus Access:</strong> No User ID or Password Required 
500 |a <strong>On-Campus Access:</strong> No User ID or Password Required 
506 |a Electronic access restricted to authorized BRAC University faculty, staff and students 
520 3 |a This Selected Issues paper and Statistical Appendix investigates the reasons for the large, recurrent external current account deficits in Slovakia, which are unusual by the current standards of other advanced transition economies. The paper examines the implications for external sustainability and reviews the causes of the widening in the external deficit from 2001. It discusses Slovakia's competitiveness and estimates a range for the external current account deficit that could be sustainable in the medium term. 
538 |a Mode of access: Internet 
830 0 |a IMF Staff Country Reports; Country Report ;  |v No. 2002/210 
856 4 0 |z Full text available on IMF  |u http://elibrary.imf.org/view/journals/002/2002/210/002.2002.issue-210-en.xml  |z IMF e-Library